• 首页
  • 本馆介绍
  • 公告通知
  • 最新文献
  • 馆藏检索
  • 电子资源
  • 读者导购
  • 参考咨询
  • 我的图书馆
  • 登录
  • 详细信息显示
  • 放入我的书架
  • 预约/预借图书
  • 作者相关作品
  • 分类相关作品
  • 丛书相关作品
  • 出版社相关作品

书目信息

  • 表格格式
  • 工作单格式
  • 卡片格式
题名:
民典法与百姓生活100问
    
 
作者: 侯国跃 主编 ;中共重庆市委宣传部 , 西南政法大学 编
分册:  
出版信息: 重庆   重庆出版社  2021
页数: 291页
开本: 24cm
丛书名:
单 册:
中图分类: D923.05
科图分类:
主题词: 民法--法典--中国--问题解答
电子资源:
ISBN: 978-7-229-15657-2
000 00893nam0 2200253 450
001 2168602739
005 20211116190327.68
010    @a978-7-229-15657-2@dCNY48.00
100    @a20210126d2021 em y0chiy50 ea
101 0  @achi
102    @aCN@b500000
105    @aa z 000yy
200 1  @a民典法与百姓生活100问@9min dian fa yu bai xing sheng huo 100 wen@f侯国跃主编@g中共重庆市委宣传部,西南政法大学编
210    @a重庆@c重庆出版社@d2021
215    @a291页@c彩图@d24cm
300    @a理论龙门阵
330    @a本书主要内容有:总则;物权;合同;人格权;婚姻家庭;继承;侵权责任。
606 0  @a民法@x法典@y中国@j问题解答
690    @aD923.05@v5
701  0 @a侯国跃@9hou guo yue@4主编
712 02 @a中共重庆市委宣传部@9zhong gong chong qing shi wei xuan chuan bu@4编
712 02 @a西南政法大学@9xi nan zheng fa da xue@4编
801  0 @aCN@b山东中教@c20211112
905    @aZUCC@dD923.05@e16
    
    民典法与百姓生活100问/侯国跃主编/中共重庆市委宣传部,西南政法大学编.-重庆:重庆出版社,2021
    291页:彩图;24cm
    理论龙门阵
    
    ISBN 978-7-229-15657-2:CNY48.00
    本书主要内容有:总则;物权;合同;人格权;婚姻家庭;继承;侵权责任。
●
相关链接 在五车中查询图书 在当当中查询图书 在豆瓣中查询图书


正题名:民典法与百姓生活100问     索取号:D923.05/16         预约/预借

序号 登录号 条形码 馆藏地/架位号 状态 备注
1 2000889201   2000889201   兵学书屋/兵圣1架A面5层2列/ [索取号:D923.05/16] 在馆    
2 2000889202   2000889202   兵学书屋/兵圣1架A面5层2列/ [索取号:D923.05/16] 在馆    
3 2000889203   2000889203   兵学书屋/兵圣1架A面5层2列/ [索取号:D923.05/16] 在馆    
山东省滨州职业学院图书馆 欢迎您!
大连网信软件有限公司© 版权所有